000 00495nam a2200169Ia 4500
003 SGT
020 _a9788189928803
082 _a690
_bARO
100 _aArora,S.P.
245 4 _aThe text book of Building construction
260 _bDhanpat Rai Publication
_aNew Delhi
_c2011
300 _aVp.
650 _aCIVIL ENGINEERIG
653 _aPREAMBLE,INTRODUCTORY BUILDING TERMINOLOGY,FOUNDATIONS,FRAMED STRUCTURES AND PARTITIONS,ARCHES AND LINTELS
700 _aBindra,S.P
942 _2ddc
_cBK
_01
999 _c5181
_d5181